Pokémon ayant la stat Défense la plus haute - Statistiques

Statistiques générales
  • Ce quiz a été pris 589 fois
    491 depuis la dernière actualisation
  • Le résultat moyen est 18 sur 40
Statistiques - réponses
Stat Pokémon % Correct
213 230 Caratroc
81%
208 200 Steelix
81%
383 160 Primo-Groudon
78%
383 140 Groudon
77%
306 230 Méga-Galeking
77%
306 180 Galéking
76%
208 230 Méga-Steelix
74%
386 160 Deoxys (forme défense)
68%
377 200 Regirock
64%
379 150 Registeel
62%
376 150 Méga-Métalosse
61%
095 160 Onix
60%
889 145 Zamazenta (Bouclier Suprême)
60%
805 211 Ama-Ama
56%
411 168 Bastiodon
55%
248 150 Méga-Tyranocif
52%
748 152 Prédastérie
52%
091 180 Crustabri
48%
227 140 Airmure
47%
719 150 Diancie
46%
681 140 Exagide (parade)
43%
713 184 Séracrawl
40%
299 135 Tarinor
37%
080 180 Méga-Flagadoss
36%
476 145 Tarinorme
36%
212 140 Méga-Cizayox
35%
703 150 Strassie
35%
205 140 Foretress
33%
809 143 Melmetal
33%
794 139 Mouscoto
30%
305 140 Galegon
29%
874 135 Dolman
22%
477 135 Noctunoir
22%
680 150 Dimoclès
21%
324 140 Chartor
19%
565 133 Mégapagos
18%
563 145 Tutankafer
15%
867 145 Tutétékri
11%
776 135 Boumata
10%
768 140 Sarmuraï
9%
Aucun quiz correspondant
Distribution des résultats
% des personnes avec chaque résultat
Percentile par nombre de réponses
Votre historique - résultats
Vous n’avez pas pris ce quiz depuis la dernière actualisation